| 000 | 00849nam a22002537a 4500 | ||
|---|---|---|---|
| 005 | 20170123162346.0 | ||
| 010 | _aA-645163 | ||
| 020 | _c100.00 | ||
| 035 | _aA-645163 | ||
| 037 | _bCen Lib/Ret | ||
| 040 |
_aDPL _bUR |
||
| 082 |
_a270.2 _bق ا س |
||
| 100 |
_aقاسمی، اخلاق حسین _9111303 |
||
| 245 |
_aترجمان القرآن کا تحقیقی مطالہ / _cاخلاق حسیں قاسمی |
||
| 246 |
_aTarjumanul Quran ka tahqeeqi mutala / _bby Ikhlaq Husain Qasmi |
||
| 260 |
_aنیی دہلی _bمولانا آزاد اکادمی _c1993 |
||
| 270 |
_bنیی دہلی _e110020 |
||
| 300 |
_a368p. _c21cm(Hb) |
||
| 650 |
_aمذہب -- اسلام _9132732 |
||
| 650 |
_aقران _9536 |
||
| 650 |
_aReligion -- Islam _992070 |
||
| 650 |
_aQuran _9132733 |
||
| 942 |
_2ddc _cUR _h270.2 _mق ا س |
||
| 999 |
_c108907 _d108907 |
||